| 000 | 00669nam a22002177a 4500 | ||
|---|---|---|---|
| 001 | 0074 | ||
| 003 | DO-SdBNP | ||
| 005 | 20151116154315.0 | ||
| 007 | 0074 | ||
| 008 | 151116b cl 2010 xxu||||| |||| 00| 0 spa d | ||
| 020 | _a9789586642286 | ||
| 040 |
_aBPMSU _bspa _cBPMSU |
||
| 092 |
_axxxxxxxx _bxxxxxxxx |
||
| 100 | 1 | 0 | _aRamírez Botero, Isabel Cristina |
| 245 | 1 | 3 |
_aEl arte en Cartagena a través de la colección del Banco de la República / _cIsabel Cristina Ramírez Botero |
| 260 |
_aColombia : _bBanco de la República, _c2010. |
||
| 300 |
_a140 p. : _bil., _c28 cm. |
||
| 504 | _aBibliografías : p. 115-117 | ||
| 942 |
_2ddc _cBK |
||
| 956 | _aBrenda Tavárez | ||
| 999 |
_c8733 _d8733 |
||